000 00290nam a2200133 i 4500
001 bg
100 1 _aMIGOŃ, K.
245 0 _aNauka o książce /
_cK. Migoń.
260 _aWrocław,
_c1984.
040 _cBPK
041 _apol
942 _cKS
008 s pl f |000 0 pol
999 _c28052
_d28052
856 _uhttp://koha.tu.koszalin.pl/cgi-bin/koha/opac-detail.pl?biblionumber=28052
_yKatalog online BPK